000 02728cam a2200517 a 4500
001 38172
005 20230410103632.0
008 920406s1993 mdub b 000 0 eng
010 _a 92014475
035 _a(OCoLC)ocm25711755
040 _aDLC
_cDLC
_dUKM
_dIOP
_dMUQ
_dBAKER
_dNLGGC
_dBTCTA
_dYDXCP
_dDRFGD
015 _aGB93-28667
019 _a28929063
_a41174195
_a41174366
020 _a0801844347
020 _a9780801844348
020 _a0801844355 (pbk.)
020 _a9780801844355 (pbk.)
029 1 _aUKM
_bb9328667
029 1 _aNLGGC
_b094603375
029 1 _aYDXCP
_b649319
035 _a(OCoLC)25711755
_z(OCoLC)28929063
_a41174195
_a41174366
043 _acc-----
050 1 4 _a200 F 2183
_bM689 1993
082 0 0 _a320.9729
_220
084 _a89.40
_2bcl
049 _aGRAL
245 0 0 _aModern Caribbean politics /
_cedited by Anthony Payne and Paul Sutton.
260 _aBaltimore :
_bJohns Hopkins University Press,
_cc1993.
300 _axii, 332 p. :
_bmap ;
_c24 cm.
504 _aIncludes bibliographical references (p. 327-330).
505 0 _aIntroduction : the contours of modern Caribbean politics / Anthony Payne, Paul Sutton -- Liberal economics versus electoral politics in Jamaica / Anthony Payne -- Democracy and disillusionment in the Dominican Republic / Jan Knippers Black -- The Duvalier dictatorship and its legacy of crisis in Haiti / James Ferguson -- Race, politics, and succession in Trinidad and Guyana / Ralph R. Premdas -- The march of militarization in Suriname / Peter Meel -- Revolution, democracy, and regional integration in the Eastern Caribbean / Tony Thorndike -- The Grenadian revolution in retrospect / Courtney Smith -- Political economy and foreign policy in Puerto Rico / Jorge Heine, Juan M. Garcia-Passalacqua -- The odyssey of revolution in Cuba / H. Michael Erisman -- Domestic policy, the external environment, and the economic crisis in the Caribbean / Ramesh F. Ramsaran -- The offshore Caribbean Anthony P. Maingot -- U.S. intervention, regional security, and militarization in the Caribbean / Paul Sutton.
651 0 _aCaribbean Area
_xPolitics and government
_y1945-
653 0 _aPolitics
653 0 _aCaribbean region
651 6 _aCaraïbes (Région)
_xPolitique et gouvernement
_y1945-
650 1 7 _aPolitieke situatie.
_2gtt
651 7 _a7.400.
_2gtt
700 1 _aPayne, Anthony,
_d1952-
700 1 _aSutton, Paul K.
938 _aBaker & Taylor
_bBKTY
_c20.95
_d20.95
_i0801844355
_n0002249034
_sactive
938 _aBaker and Taylor
_bBTCP
_n92014475
938 _aYBP Library Services
_bYANK
_n649319
938 _aBaker & Taylor
_bBKTY
_c50.00
_d50.00
_i0801844347
_n0002249032
_sactive
942 _2lcc
_cbk
994 _aC0
_bDRFGD
999 _c22889
_d22889